ALL Niall Horan Songs (updated at any new release) - Statistics

General Stats
  • This quiz has been taken 2,810 times
    155 since last reset
  • The average score is 48 of 74
Answer Stats
Hint Answer % Correct
G7 2 Dinner Party
96%
G1 8 Flicker
95%
G3 1 Heartbreak Weather
95%
G1 2 This Town
95%
G5 5 The Show
89%
G6 12 The Show (with John Legend)
89%
G4 15 Dress
85%
G5 1 Heaven
84%
G9 Heaven (Acoustic)
84%
G6 13 Heaven - Live From Electric Picnic
84%
G3 2 Black and White
82%
G1 4 Slow Hands
82%
G3 14 Still
82%
G3 6 Nice to Meet Ya
80%
G1 6 Paper Houses
80%
G5 3 Meltdown
76%
G9 Meltdown (Acoustic)
76%
G6 15 Meltdown - Stripped
76%
G4 16 Nothing
76%
G5 9 Science
76%
G6 18 Science - Live From Spotify Studios
76%
G5 6 You Could Start A Cult
76%
G6 11 You Could Start A Cult (with Lizzy McAlpine)
76%
G3 9 Everywhere
75%
G8 Everywhere (with Anne-Marie)
75%
G2 12 Mirrors
75%
G1 1 On The Loose
75%
G3 7 Put a Little Love on Me
75%
G5 8 On A Night Like Tonight
73%
G6 17 On A Night Like Tonight - Live
73%
G3 13 San Francisco
73%
G8 Drive Safe (with Myles Smith)
71%
G3 3 Dear Patience
69%
G5 10 Must Be Love
69%
G1 3 Seeing Blind (with Marren Morris)
69%
G3 4 Bend the Rules
67%
G5 2 If You Leave Me
67%
G6 14 If You Leave Me / Everybody Wants To Rule The World
67%
G5 7 Save My Life
67%
G6 16 Save My Life - Live From Electric Picnic
67%
G3 5 Small Talk
67%
G1 5 Too Much To Ask
67%
G9 Too Much to Ask
67%
G1 9 Fire Away
65%
G3 12 No Judgement
65%
G9 No Judgement
65%
G2 13 The Tide
65%
G8 Our Song (with Anne-Marie)
64%
G3 8 Arms of a Stranger
62%
G7 6 Little More Time
62%
G2 11 On My Own
62%
G3 10 Cross Your Mind
60%
G5 4 Never Grow Up
60%
G1 10 You and Me
60%
G8 Moral of the Story (with Ashe)
58%
G1 7 Since We’re Alone
58%
G3 11 New Angel
56%
G8 What a Time (with Julia Michaels)
55%
G8 Old Tricks (with Thomas Rhett)
51%
G7 12 End of an Era
47%
G6 19 Something In The Orange - Live From Spotify Studios
45%
G9 Fool’s Gold
38%
G7 1 Tastes So Good
38%
G7 8 Boys Are Fun
36%
G8 So Long (feat. The RTÉ Concert Orchestra)
36%
G7 5 Better Man
35%
G7 7 Flowers
35%
G9 Lover (with Fletcher)
35%
G7 3 Monochromatic
33%
G7 4 She Gets It From Her Mother
33%
G7 11 Die If I Don't
31%
G7 10 Pretty
29%
G7 9 Fighting Over Nothing
25%
G7 13 Mia
22%
No matching quizzes found
Score Distribution
Percent of People with Each Score
Percentile by Number Answered
Your Score History
You have not taken this quiz since the last reset